| 000 | 00723nam a2200205 i 4500 | ||
|---|---|---|---|
| 001 | 92922 | ||
| 003 | ES-MaACL | ||
| 007 | t| | ||
| 008 | 050331s1984 cl ||||1| spa d | ||
| 100 | 1 |
_aLiszt, Franz von. _972565 |
|
| 245 | 1 | 3 |
_aLa idea del fin en el Derecho Penal / _cFranz von Liszt; [traducción del alemán por Enrique Aimone Gibson; revisión y prólogo Manuel de Rivacoba y Rivacoba]. |
| 260 |
_aValparaiso : _bEdeval, _c1984. |
||
| 300 |
_a137 p. : _bil. ; _c19 cm. |
||
| 490 | 1 | _aJuristas perennes | |
| 700 | 1 |
_aAimone Gibson, Enrique. _918978 |
|
| 700 | 1 |
_aRivacoba y Rivacoba, Manuel de. _997535 |
|
| 830 | 0 |
_aJuristas perennes _9179517 |
|
| 852 |
_aES-MaACL _jL-6641 _bR.107673 |
||
| 999 |
_c92922 _d92922 |
||